000 00454nam a2200181Ia 4500
008 230312s9999 xx 000 0 und d
041 _aeng
082 _a621.388
_b621.388 DHA
100 _aDhake A.M.
_9163985
245 _aTelevision And Video Engineering
250 _a2nd ed.
260 _c2011
_bTata McGraw Hill
300 _a646
365 _cRs.
_b500.00
710 _aDhake A.M.
_9163986
906 _b1725
999 _c125417
_d125417